Compendio cultural de Chiapas (Record no. 9006)

MARC details
000 -CABECERA
campo de control de longitud fija 00717nam a2200229 a 4500
001 - NÚMERO DE CONTROL
campo de control BRL_193
005 - FECHA Y HORA DE LA ÚLTIMA TRANSACCIÓN
campo de control 20190320210629.0
008 - DATOS DE LONGITUD FIJA--INFORMACIÓN GENERAL
campo de control de longitud fija 850215s1980----mx-#######---#000-0#spa-#
041 ## - CÓDIGO DE LENGUA
Código de lengua del texto/banda sonora o título independiente spa
044 ## - CÓDIGO DEL PAÍS DE LA ENTIDAD EDITORA/PRODUCTORA
Código MARC del país mx
050 #4 - SIGNATURA TOPOGRÁFICA DE LA BIBLIOTECA DEL CONGRESO
Número de clasificación F1256
Número de documento/Ítem .C66 1980
245 10 - MENCIÓN DE TÍTULO
Título Compendio cultural de Chiapas
Mención de responsabilidad, etc. Juan Jaime Manguen, Irma Montesinos, recopiladores.
260 ## - PUBLICACIÓN, DISTRIBUCIÓN, ETC.
Lugar de publicación, distribución, etc. [Tuxtla Gutiérrez, México]
Nombre del editor, distribuidor, etc. [Universidad Autónoma de Chiapas]
Fecha de publicación, distribución, etc. 1980
300 ## - DESCRIPCIÓN FÍSICA
Extensión 2v.
Dimensiones 22 cm.
500 ## - NOTA GENERAL
Nota general La biblioteca solo cuenta con el volumen 1
500 ## - NOTA GENERAL
Nota general v.1 Au231
651 #4 - PUNTO DE ACCESO ADICIONAL DE MATERIA--NOMBRE GEOGRÁFICO
Nombre geográfico Chiapas (México)
Subdivisión general Historia
9 (RLIN) 23186
700 1# - PUNTO DE ACCESO ADICIONAL--NOMBRE DE PERSONA
Nombre de persona Manguen, Juan Jaime
Término indicativo de función/relación comp.
9 (RLIN) 23187
700 1# - PUNTO DE ACCESO ADICIONAL--NOMBRE DE PERSONA
Nombre de persona Montesinos, Irma
Término indicativo de función/relación comp.
9 (RLIN) 23188
902 ## - CATALOGADOR
Iniciales GRL
942 ## - ELEMENTOS DE PUNTO DE ACCESO ADICIONAL (KOHA)
Fuente del sistema de clasificación o colocación Library of Congress Classification
Tipo de ítem Koha Libros
Holdings
Estado de retiro Estado de pérdida Estado dañado No para préstamo Localización permanente Ubicación/localización actual Fecha de adquisición Número de inventario Total de préstamos Signatura topográfica completa Código de barras Fecha visto por última vez Precio válido a partir de Tipo de ítem Koha
El ejemplar forma parte de la colección y puede ser consultado según las políticas vigentes.       Biblioteca Centro de Estudios Ruth D. Lechuga Biblioteca Centro de Estudios Ruth D. Lechuga 12/12/2012 v.1 Au231   F1256 .C66 1980 (v.1 Au231) GRL00205 22/03/2019 22/03/2019 Libros